आधुनिक कवि ह्र्दय / (Record no. 1069076)

MARC details
000 -LEADER
fixed length control field 01184nam a2200313 a 4500
001 - CONTROL NUMBER
control field vtls001618755
003 - CONTROL NUMBER IDENTIFIER
control field NLI
005 - DATE AND TIME OF LATEST TRANSACTION
control field 20210628133912.0
008 - FIXED-LENGTH DATA ELEMENTS--GENERAL INFORMATION
fixed length control field 121214s1949 ii 000 hin
020 ## - INTERNATIONAL STANDARD BOOK NUMBER
Terms of availability Rs. 1.25
039 #9 - LEVEL OF BIBLIOGRAPHIC CONTROL AND CODING DETAIL [OBSOLETE]
-- 201212141931
-- VLOAD
040 ## - CATALOGING SOURCE
Original cataloging agency NLI
Language of cataloging hineng
Transcribing agency Datasoft_Hindi
Description conventions AACR2
041 0# - LANGUAGE CODE
Language code of text/sound track or separate title hin
044 ## - COUNTRY OF PUBLISHING/PRODUCING ENTITY CODE
MARC country code ii
084 04 - OTHER CLASSIFICATION NUMBER
Classification number 181
100 1# - MAIN ENTRY--PERSONAL NAME
Linkage 880-01
Personal name शर्मा, प्रभुनारायण
Fuller form of name (सह्रदय)
9 (RLIN) 679478
245 10 - TITLE STATEMENT
Linkage 880-02
Title आधुनिक कवि ह्र्दय /
Statement of responsibility, etc. प्रभुनारायण शर्मा
260 ## - PUBLICATION, DISTRIBUTION, ETC.
Place of publication, distribution, etc. आगरा :
Name of publisher, distributor, etc. विनोद पुस्तक मन्दिर,
Date of publication, distribution, etc. 1949
300 ## - PHYSICAL DESCRIPTION
Extent 74 p. ;
Dimensions 18 cm.
650 #0 - SUBJECT ADDED ENTRY--TOPICAL TERM
Topical term or geographic name entry element Hindi literature
General subdivision History and Criticism
9 (RLIN) 691306
880 10 - ALTERNATE GRAPHIC REPRESENTATION
Linkage 245-02(B
a Ādhunika kavi hṛdaya /
c Prabhunārāyaṇa Śarmā
880 1# - ALTERNATE GRAPHIC REPRESENTATION
Linkage 100-01(B
a Śarmā, Prabhunārāyaṇa
q (Sahṛdaya)
887 ## - NON-MARC INFORMATION FIELD
Content of non-MARC field Ashraf Hussian(Shagufta Jabeen)
901 ## - LOCAL DATA ELEMENT A, LDA (RLIN)
a OHI556
b 26.02.1953
902 ## - LOCAL DATA ELEMENT B, LDB (RLIN)
a 181 OC 95.32
904 ## - LOCAL DATA ELEMENT D, LDD (RLIN)
c Ashraf Hussian(Shagufta Jabeen)
l O 3936
949 ## - LOCAL PROCESSING INFORMATION (OCLC)
-- VIRTUAITEM
-- 10000
-- 100
6 OHI000000556HIN
942 ## - ADDED ENTRY ELEMENTS (KOHA)
Source of classification or shelving scheme Dewey Decimal Classification
Koha item type Books
Holdings
Withdrawn status Lost status Damaged status Not for loan Home library Current library Date acquired Total Checkouts Full call number Barcode Date last seen Price effective from Koha item type
        National Library of India National Library of India     181 OC 95.32 OHI000000556HIN 28/06/2021 28/06/2021 Books
                                                                           
web counter

Copyright ©2020 The National Library of India, Govt. of India ↔ Hosted by NVLI, MOC ↔ Technology and Design by National Library of India, Ministry of Culture, Govt. of India